| 000 | 00866nam a22002297i 4500 | ||
|---|---|---|---|
| 999 |
_c22951 _d22951 |
||
| 003 | AR-CdUCM | ||
| 008 | 240801b20152015 pe||||| |||| 00| 0 spa d | ||
| 040 |
_aMUNICIPALIDAD PROVINCIAL DEL CUSCO _cBIBLIOTECA MUNICIPAL DEL CUSCO |
||
| 041 | _hspa | ||
| 082 |
_aEP / 801 / M61A _bM61A |
||
| 100 |
_aMinisterio de Educación. _918298 |
||
| 245 | _aAntología de poesía para niños y niñas / | ||
| 260 |
_aLima : _bDirección General de Educación Básica Regular, _c2015. |
||
| 300 |
_a39 páginas. : _c20 cm. _eIlustraciones en color. |
||
| 500 | _zAguacerito -- Un gatito -- La niña y El mar -- La lluvia | ||
| 650 |
_aPoesías _950103 |
||
| 650 |
_aCompilación de poesía infantil _950104 |
||
| 700 |
_aCorcuera andrino, Rosamar [Ilustrador] _950105 |
||
| 856 | _fhttps://repositorio.minedu.gob.pe/handle | ||
| 942 |
_2ddc _cLIBROS |
||
| 945 |
_apbj _d2024-08-01 |
||